00914nam a2200241 i 450000100060000000300090000600500170001500700030003200800410003508000110007610000420008724501320012926000330026130000270029449000420032165000210036370000340038470000430041883000500046185200220051199900170053395201220055082009ES-MaACL20250920063046.0t|041118s1972 sp ||||1| spa d a321.011 aMill, John Stuart, d1806-187398111910aSobre la libertad / cJohn Stuart Mill ; traducción de Josefa Sainz Pulido ; introducción de Antonio Rodríguez Huéscar. aMadrid : bAguilar, c[1972] aXXX, 171 p. ; c19 cm.1 aBiblioteca de iniciación política 4aLibertad.9144001 aSainz Pulido, Josefa.91016061 aRodríguez Huéscar, Antonio.9985791 aBiblioteca de iniciación política9183719 aES-MaACLjE-10445 c82009d82009 00104070aATENEOMbATENEOMcDEPO2d2008-01-17eSCl0oE-10445p1085714r2023-02-23 00:00:00w2023-02-23yMONOGRAFIA